El problema de la verdad en la moral y en el derecho / (Registro nro. 2390)
[ vista simple ]
| 000 -LEADER | |
|---|---|
| fixed length control field | 00962nam a2200253 a 4500 |
| 008 - CAMPO DE CONTROL (LIBRO) | |
| fixed length control field | 170302t1979 ag ||||f |||| 001 0 spa d |
| 020 ## - INTERNATIONAL STANDARD BOOK NUMBER | |
| ISBN | S/N |
| 041 ## - CODIGO DE IDIOMA | |
| Código de idioma del texto/pista de sonido o título separado | spa |
| 092 ## - SIGNATURA TOPOGRAFICA DEWEY LOCAL | |
| número de clasificación | 170 |
| libristica | 46 |
| sección | KAL |
| 100 1# - ENTRADA PRINCIPAL--NOMBRE PERSONAL | |
| Nombre personal | Kalinowski, Georges |
| 9 (RLIN) | 3154 |
| 245 #3 - TITULO PROPIAMENTE DICHO | |
| Título | El problema de la verdad en la moral y en el derecho / |
| Mención de responsabilidad y remanente de la transcripción de la portada | Georges Kalinowski |
| 250 ## - MENCION DE EDICION | |
| Mención de edición | 1a ed. |
| Mención de responsabilidad relacionada con la ed. | Traduccion Enrique Mari |
| 260 ## - PIE DE IMPRENTA | |
| Lugar de publicación, distribución, etc | Buenos Aires: |
| Nombre de la editorial, distribuidor, etc | EUDEBA; |
| Fecha de publicación | 1979. |
| 300 ## - DESCRIPCION FISICA | |
| Extension | 173 p. |
| 500 ## - NOTA GENERAL | |
| Nota general | Kalinowski, G. (1979). El problema de la verdad en la moral y en el derecho. (1a ed.). Buenos Aires : EUDEBA. |
| 590 ## - NOTAS LOCALES (RLIN) | |
| Nota local | Donacion Dora Vera, febrero 2017. |
| 653 ## - TÉRMINO INDIZADO - PALABRAS CLAVES | |
| Palabra clave | Partidiarios del no |
| 653 ## - TÉRMINO INDIZADO - PALABRAS CLAVES | |
| Palabra clave | Sostenedores del si |
| 653 ## - TÉRMINO INDIZADO - PALABRAS CLAVES | |
| Palabra clave | Proposiciones morales y normas juridicas |
| 653 ## - TÉRMINO INDIZADO - PALABRAS CLAVES | |
| Palabra clave | Verdad y verificacion de las estimaciones morales |
| 653 ## - TÉRMINO INDIZADO - PALABRAS CLAVES | |
| Palabra clave | Verdad y verificacion de las normas morales |
| 653 ## - TÉRMINO INDIZADO - PALABRAS CLAVES | |
| Palabra clave | Valor logico y justificacion racional de los imperativos morales |
| 942 ## - ADDED ENTRY ELEMENTS (KOHA) | |
| Source of classification or shelving scheme | Dewey Decimal Classification |
| Item type | Libros |
| Estado de retiro | Existencia | Fuente de clasificación | Estado general | No para prestamo | Ubicación permanente | ubicación actual | Sala de ubicación | Fecha de adquisición | Fuente de adquisición | Total Checkouts | Número de clasificación | Código de barras | Date last seen | Número de ejemplar | Price effective from | Koha tipo de elemento (item) | Public note |
|---|---|---|---|---|---|---|---|---|---|---|---|---|---|---|---|---|---|
| Dewey Decimal Classification | Biblioteca Medicina | Biblioteca Medicina | Circulación | 02/03/2017 | Donacion Dora Vera, febrero 2017. | 170 46 KAL | 3790 | 02/03/2017 | Ej.1 | 02/03/2017 | Libros | Donacion Dora Vera, febrero 2017. |